Investing in gold : How to own it, How to profit from it
Talking about investing in Gold such as : how to own it, and how to profit from it
Uloženo v:
| Hlavní autor: | |
|---|---|
| Médium: | Kniha |
| Jazyk: | Undetermined |
| Vydáno: |
Canada
Key Porter Books
1992
|
| Témata: | |
| Tagy: |
Přidat tag
Žádné tagy, Buďte první, kdo otaguje tento záznam!
|
| Thư viện lưu trữ: | Trung tâm Học liệu Trường Đại học Cần Thơ |
|---|
| LEADER | 00661nam a2200205Ia 4500 | ||
|---|---|---|---|
| 001 | CTU_186351 | ||
| 008 | 210402s9999 xx 000 0 und d | ||
| 082 | |a 332.63 | ||
| 082 | |b G653 | ||
| 100 | |a Goodman, Ned | ||
| 245 | 0 | |a Investing in gold : | |
| 245 | 0 | |b How to own it, How to profit from it | |
| 245 | 0 | |c Ned Goodman, Steven G. Kelman, Jonathan Goodman | |
| 260 | |a Canada | ||
| 260 | |b Key Porter Books | ||
| 260 | |c 1992 | ||
| 520 | |a Talking about investing in Gold such as : how to own it, and how to profit from it | ||
| 650 | |a Gold,Metals as an investment,Vàng | ||
| 910 | |a Hải | ||
| 980 | |a Trung tâm Học liệu Trường Đại học Cần Thơ | ||